000
00269nam a22001217a 4500
041
_a
ENG
100
_a
Agarwal.A
245
_a
The Citizens ' Fifth Report
260
_a
New Delhi
_b
Centre For Science
_c
1984
300
_a
256
650
_a
SWCE
856
_u
SWCE ( 24 )
999
_c
1821
_d
1821